مكتبة جامعة عجلون الوطنية

فهرس بحث المكتبة

Normal view MARC view
  • المباني-المناطق المدارية-المباني-المساكن

Entry Topical Term

Number of records used in: 1

001 - CONTROL NUMBER

  • control field: 39748

003 - CONTROL NUMBER IDENTIFIER

  • control field: JO-AjAnu

005 - DATE AND TIME OF LATEST TRANSACTION

  • control field: 20230606080616.0

008 - FIXED-LENGTH DATA ELEMENTS

  • fixed length control field: 230606|| aca||aabn | a|a d

040 ## - CATALOGING SOURCE

  • Original cataloging agency: JO-AjAnu
  • Transcribing agency: JO-AjAnu

150 ## - HEADING--TOPICAL TERM

  • Topical term or geographic name entry element: المباني-المناطق المدارية-المباني-المساكن

670 ## - SOURCE DATA FOUND

  • Source citation: Work cat.: (JO-AjAnu)20381: العازمي ، خالد حريميس فلاح, author 39747, المساكن في البيئة الصحراوية : دراسة تحليلية لمدى التوافق البيئي العمراني مع التطبيق على منطقتي القرين والاندلس في دولة الكويت